000 00772nam a22001937a 4500
005 20250704144358.0
008 250704b mx |||||||| |||| 00| 0 spa d
020 _a9786079831233
050 0 4 _aKGF3015
_bD53 2019
245 0 0 _aDiccionario de transparencia y acceso a la información pública
_c / coordinador ditorial Guillermo M. Cejudo.
250 _a1a ed.
260 _aMéxico :
_bInstituto Nacional de Transparencia, Acceso a la Información y Proteccion de Datos Personales ( INAI ),
_c2019
300 _a389 p. ;
_c22 cm.
650 7 _2lemb
_aLibertad de información
650 7 _2lemb
_aTransparencia en el gobierno
_xLegislación
650 4 _aAcceso a la informacion pública
700 1 _aCejudo, Guillermo M.,
_ecoordinador
942 _2lcc
_cLIB
999 _c58621
_d58621